L'Europe a-t-elle un avenir stratégique ? (notice n° 1510390)

détails MARC
000 -LEADER
fixed length control field 01550cam a2200133 4500500
005 - DATE AND TIME OF LATEST TRANSACTION
control field 20250928001051.0
041 ## - LANGUAGE CODE
Language code of text/sound track or separate title fre
042 ## - AUTHENTICATION CODE
Authentication code dc
100 10 - MAIN ENTRY--PERSONAL NAME
Personal name Gnesotto, Nicole
Relator term author
245 00 - TITLE STATEMENT
Title L'Europe a-t-elle un avenir stratégique ?
260 ## - PUBLICATION, DISTRIBUTION, ETC.
Name of publisher, distributor, etc. Armand Colin,<br/>
Date of publication, distribution, etc. 2011.<br/>
520 ## - SUMMARY, ETC.
Summary, etc. L’Union européenne a jusqu’à présent échoué dans l’harmonisation de ses politiques militaires. Si elle réussit bien à encadrer la libre circulation des biens et des marchandises, elle se trouve incapable d’arracher aux Etats ce qu’ils considèrent comme leur propriété absolue: l’armée. Or, comme le montre l’auteur, la mondialisation, la menace terroriste globale rendent caduques l’idée d’avoir 27 systèmes différents. Mais l’auteur va plus loin. La plupart des ouvrages sur la défense européenne repose sur une approche technique, opérationnelle et institutionnelle. Sans délaisser totalement cet aspect descriptif, l’ouvrage se situe d’emblée dans une autre démarche, plus politique, où la défense est aussi un excellent indicateur des divergences européennes sur la finalité de l’Union et son rôle politique dans la mondialisation. Elle insiste sur la modernité stratégique de l’Union par rapport aux définitions traditionnellement plus militaires de la puissance. En somme, le dispositif militaire communautaire est prêt. Il suffit d’un peu de courage politique.
856 41 - ELECTRONIC LOCATION AND ACCESS
Uniform Resource Identifier <a href="https://shs.cairn.info/leurope-a-t-elle-un-avenir-strategique--9782200249618?lang=fr&redirect-ssocas=7080">https://shs.cairn.info/leurope-a-t-elle-un-avenir-strategique--9782200249618?lang=fr&redirect-ssocas=7080</a>

Pas d'exemplaire disponible.

PLUDOC

PLUDOC est la plateforme unique et centralisée de gestion des bibliothèques physiques et numériques de Guinée administré par le CEDUST. Elle est la plus grande base de données de ressources documentaires pour les Étudiants, Enseignants chercheurs et Chercheurs de Guinée.

Adresse

627 919 101/664 919 101

25 boulevard du commerce
Kaloum, Conakry, Guinée

Réseaux sociaux

Powered by Netsen Group @ 2025